• 首页
  • 本馆介绍
  • 公告通知
  • 最新文献
  • 馆藏检索
  • 电子资源
  • 读者导购
  • 参考咨询
  • 我的图书馆
  • 登录
  • 详细信息显示
  • 放入我的书架
  • 预约/预借图书
  • 作者相关作品
  • 分类相关作品
  • 丛书相关作品
  • 出版社相关作品

书目信息

  • 表格格式
  • 工作单格式
  • 卡片格式
题名:
Photoshop智能手机APP界面设计之道
    
 
作者: 安小龙 编著
分册:  
出版信息: 北京   清华大学出版社  2016.1
页数: 234页
开本: 26cm
丛书名:
单 册:
中图分类: TN929.53 , TP391.413
科图分类:
主题词: 移动电话机--人机界面--程序设计 , 图象处理软件
电子资源:
ISBN: 978-7-302-42061-3
000 00844nam0 2200253 450
001 0400002151
005 20171020114018.0
010    @a978-7-302-42061-3@dCNY59.80
100    @a20150920e20172016em y0chiy50 ea
101 0  @achi
102    @aCN@b110000
105    @aa z 000yy
106    @ar
200 1  @aPhotoshop智能手机APP界面设计之道@9Photoshop zhi neng shou ji APP jie mian she ji zhi dao@f安小龙编著
210    @a北京@c清华大学出版社@d2016.1@h2017.8
215    @a234页@c图@d26cm
330    @a本书深入讲解了智能手机APP用户界面(UI)设计最常用样式的完整设计思路,和用Photoshop制作的详细过程。
606 0  @a移动电话机@x人机界面@x程序设计
606 0  @a图象处理软件
690    @aTN929.53@v5
690    @aTP391.413@v5
701  0 @a安小龙@9an xiao long@4编著
801  0 @aCN@b91MARC@c20171020
905    @b1031590-4@dTN929.53@f5@e208
    
    Photoshop智能手机APP界面设计之道/安小龙编著.-北京:清华大学出版社,2016.1(2017.8)
    234页:图;26cm
    
    
    ISBN 978-7-302-42061-3:CNY59.80
    本书深入讲解了智能手机APP用户界面(UI)设计最常用样式的完整设计思路,和用Photoshop制作的详细过程。
●
相关链接 在E读中查询图书 在五车中查询图书 在当当中查询图书 在豆瓣中查询图书


正题名:Photoshop智能手机APP界面设计之道     索取号:TN929.53/208         预约/预借

序号 登录号 条形码 馆藏地/架位号 状态 备注
1 1031590   210315906   第二样本阅览室/ [索取号:TN929.53/208] 在馆    
2 1031591   210315915   密集书库-物理学院/ [索取号:TN929.53/208] 在馆    
3 1031592   210315924   第三借阅区/ [索取号:TN929.53/208] 在馆    
4 1031593   210315933   第三借阅区/ [索取号:TN929.53/208] 在馆    
5 1031594   210315942   第三借阅区/ [索取号:TN929.53/208] 在馆    
唐山师范学院图书馆 欢迎您!
大连网信软件有限公司© 版权所有